01212nam a2200217Ia 4500008004100000020001800041050002200059082002500081100003300106245009600139250001800235260005100253300003500304500005100339500022700390504003900617505022500656650003600881650003700917650004000954121101s9999 xx 000 0 und d a9780714898506 aNA690bC8718 2006 a724 C699I 1986 r2006 aCurtis, William J. R.eautor aLa arquitectura modernab : Desde 1900c / William J. R. Curtis ; traduccion de Jorge Sainz a3a. edición aReino Unidob : Phaidon Press Limitedc , 2006 a736 páginasb ; il. : 25 cm. aTraduccion de: Modern architecture since 1900. aIncluye: índice de contenido Prefacio a la primera edición Prefacio a la tercera edición Introducción Libros que se mencionan de forma abreviada en las notas Notas Índice alfabético Créditos de las imágenes aNota bibliográfica (pp. 690-692) aLas corrientes formativas de la arquitectura moderna La cristalización de la arquitectura moderna en el periodo entreguerras Transformación y difusión después de 1940 Continuidad y cambio en el final del siglo xx 0aARQUITECTURAxASPECTOS SOCIALES 0aARQUITECTURAxMOVIMIENTO MODERNO 0aCORRIENTES ARQUITECTÓNICASy1900-